Statistics for Kevin Conroy's Batman

Click here to take the quiz!

General Stats

  • This quiz has been taken 98 times
  • The average score is 8 of 20

Answer Stats

Year TV Show/Movie/Game % Correct
2011Batman: Arkham City
85%
2009Batman: Arkham Asylum
85%
1992-1995Batman: The Animated Series
80%
2001-2004Justice League
73%
2004-2006Justice League Unlimited
73%
1999-2001Batman Beyond
62%
1993Batman: Mask of the Phantasm
51%
2012Justice League: Doom
30%
1998Batman & Mr Freeze: SubZero
29%
1997-1999The New Batman Adventures
26%
2000Batman Beyond: Return of the Joker
25%
2008Batman: Gotham Knight
23%
2013Injustice: Gods Among Us
21%
1994The Adventures of Batman & Robin
21%
2009Superman/Batman: Public Enemies
20%
2010Superman/Batman: Apocalypse
19%
2003Batman: Mystery of the Batwoman
17%
2003Batman: Rise of Sin Tzu
11%
2011DC Universe Online
11%
2001Batman: Vengence
7%

Score Distribution

Percentile by Number Answered

Percent of People with Each Score

Your Score History

You have not taken this quiz